000 00410nam a2200181Ia 4500
001 8664
003 GE_BSU
008 181216s||||||||xx |||||||||||||| ||und||
040 _cGE_BSU
245 _aParis Match, du 25 AU 31 decembre. №3371. 2013.
245 _b№3371
245 _cdir.red. O.Royant.
260 _aParis
260 _c2013
300 _a127p.29cm.
653 _aParis Match
942 _cCR
999 _c41979
_d41979